00709nam a2200241 a 4500001001300000003000900013005001700022008004100039020002300080082001500103100001900118245003200137260003400169300000900203500003500212505001100247650002700258700001900285902000800304942000700312952013100319999001700450nice12345678IN_TiNIC20260116014348.0100406s2009 usaa grp 000 0 eng  a9781565630604c80500a232.9bYOU aYoung, Brad, H aJesus the Jewish Theologian aUSA bHendrickson Pubs c2009 a308p aincludes index and biblioraphy2 abiblio aJesus Christ-Biography1 aYoung, Brad, H bSRS cBK 001040708StackRoom-aHMIbHMId2010-04-06g805.00l2m3o232.9 YOUp023251r2017-03-31s2016-09-07v805.00w2010-04-06yBK c14988d14988